Nielen o Bohu

Bibliographic Details
Main Author: Rebro, Derek, 1979- (Author)
Format: Article
Language:Slovak
ISSN:1335-6976
Subjects:

MARC

LEADER 00000nab a2200000 a 4500
001 vtls000769554
003 SK-MaSNL
005 20260303220350.0
008 140507c2001 xo 0 slo
015 |a SNBRB2001/10-27575 
035 |a CLN000121341 
040 |a SNKBUCL  |b slo  |c SNKBUCL  |e AACR2 
041 0 |a slo 
044 |a xo  |c SK 
080 |a 82.09:885.4-1(048)  |2 1997 
080 |a 885.4-1(048)  |2 1997 
100 1 |a Rebro, Derek,  |d 1979-  |4 aut  |9 119294 
245 1 0 |a Nielen o Bohu  |c Derek Rebro 
650 0 7 |a slovenská poézia  |2 snkbucl  |9 215422 
655 7 |a recenzie  |2 snkbucl  |9 21907 
773 0 |t Kultúrny život  |g Roč. 2, č. 22 (2001), s. 8  |x 1335-6976 
787 0 8 |i Rec.:  |a Motulko, Ján, 1920-2013  |t Strmé schody  |d Bratislava : Vydavateľstvo Spolku slovenských spisovateľov, 2000  |z 8080611025 
850 |a Slovenská národná knižnica v Martine 
852 |a SNK  |b KIS3GCP 
958 |a LX 
999 |c 2226821  |d 2228751